|
|
|
|
| LEADER |
00632nab a2200169 i 4500 |
| 001 |
misc6935 |
| 005 |
20191106144317.0 |
| 008 |
170607s1894 hu o 0|| hun d |
| 022 |
|
|
|a 0025-0260
|
| 040 |
|
|
|a SZTE Miscellanea Repozitórium
|b hun
|
| 041 |
|
|
|a hun
|
| 245 |
0 |
0 |
|a Klamarik János
|h [elektronikus dokumentum]
|
| 260 |
|
|
|c 1894
|
| 300 |
|
|
|a 225-226
|
| 490 |
0 |
|
|a Magyar pedagógia : a Magyar Tudományos Akadémia Pedagógiai Bizottságának folyóirata
|v 3
|
| 695 |
|
|
|a Klamarik János, Oktatásügy története Magyarország 19. sz., Méltatás
|
| 856 |
4 |
0 |
|u http://misc.bibl.u-szeged.hu/6935/1/mp_1894_0175_225-226.pdf
|z Dokumentum-elérés
|